000 00915nam a2200253Ia 4500
003 OSt
005 20220923215928.0
006 a|||||r|||| 00| 0
007 ta
008 220922b |||||||| |||| 00| 0 hin d
024 _a182,920
037 _cTextual
040 _aARTS
_cARTS
_bhin
041 _2hin
_ahin
082 _aO152,jN16, K6
100 _aद्विवेदी, हजारी प्रसाद
245 0 _aव्यास अभिनन्दन ग्रंथ
246 _aVyās abhinandan grantha
260 _aनई दिल्ली
_b व्यास स्वर्ण जयन्ती समारोह समिति
_c1966
300 _a400 पृ.
_ccm.
650 _aहिन्दी साहित्य
_9156264
942 _hO152,jN16, K6
_cTEXL
_2CC
999 _c336276
_d336276